Guess the Taylor Swift Song (no hints) 20 - Statistics

General Stats
  • This quiz has been taken 183 times
  • The average score is 201 of 304
Answer Stats
Answer % Correct
"I
100%
I
100%
You
97%
you
97%
the
95%
And
90%
and
90%
When
89%
"When
89%
when,
89%
when
89%
your
89%
said,
86%
said
86%
it
85%
me
85%
me?"
85%
in
83%
in,
83%
my
80%
I'm
79%
it's
79%
To
79%
to
79%
be
78%
Then
76%
love
72%
of
72%
know"
68%
I'll
67%
all
66%
at
66%
were
65%
go
64%
this"
62%
this)
62%
can
60%
that's
60%
That's
60%
(That's
60%
was
59%
did
56%
see
55%
up
55%
hear
53%
think
53%
ever
51%
or
48%
back
44%
back?"
44%
time,
44%
want
44%
about
43%
face
43%
face)
43%
saw
42%
our
41%
come
40%
some
40%
knew
37%
let
37%
yeah
37%
need
35%
baby
34%
made
30%
wake
30%
space
28%
waitin'
28%
take
27%
Came
25%
cryin'
25%
gone,
25%
mornin'
25%
those
24%
sunny
23%
front
22%
Laughin'
22%
laughin',
22%
miss
22%
stormin'
22%
stormin')
22%
gate
21%
gate)
21%
"Leave
18%
through
18%
(through
18%
words
18%
watched
17%
wrong,
16%
hard
15%
woke
15%
put
14%
harder
12%
past"
12%
tears
12%
mistakes
11%
Mm
11%
mm
11%
phone
11%
"Honestly
10%
No matching quizzes found
Score Distribution
Percent of People with Each Score
Percentile by Number Answered
Your Score History
You have not taken this quiz